000
00267nam a22001217a 4500
999
_c
8873
_d
8873
003
OSt
005
20191109132532.0
008
191109b ||||| |||| 00| 0 eng d
040
_c
DDC
100
_a
Bailey, Brian J.
245
_a
Satya ka Athma-Sahayak
942
_2
ddc
_c
BK